LEADER 01273nam a2200265 i 4500 001 000000122526 003 CaOOAMICUS 005 20040204000000.0 008 040204s1980 it u000 u ita u 013 $a95221 040 $aSeMil$bita 245 10$aRetabli pittorici in Sardegna :$bnel Quattrocento e nel Cinquecento /$ca cura di Renata Serra ; fotografie di Mario Carrieri e Paolo Vandrasch. 260 $a[Reggio Emilia] :$bCassa di Risparmio di Reggio Emilia,$ccopyr. 1980. 300 $a103 p., [24] c. di tav. :$briccamente ill. ;$c38 cm. 500 $aIn custodia. - Fondo Card. C.M. Martini. 650 4$aRetabli - Sardegna - Sec. 15.-16.$0(OLS)http://semarc/subject/23242 700 1 $aSerra, Renata.$0(OLS)http://semarc/name/50925 700 1 $aVandrasch, Paolo.$0(OLS)http://semarc/name/45334 700 1 $aCarrieri, Mario.$0(OLS)http://semarc/name/18854 850 $aSeMil 852 $aSeMil$W1$xVenegono$y1$m5F VII 10$j77487$B77487$CSeMilBibl$Z2$F79418 $8I 941 1 $a4 961 $aOmaggio: Martini Card. Carlo Maria 996 $6245$aRetabli pittorici in Sardegna :$bnel Quattrocento e nel Cinquecento$9(OLS)http://semarc/title/180462 996 $6260$a[Reggio Emilia] :$bCassa di Risparmio di Reggio Emilia$9(OLS)http://semarc/publisher/46179 LEADER 01306nam a2200301 i 4500 001 000000169988 003 CaOOAMICUS 005 20080307000000.0 008 080307s2008 it u000 u ita u 013 $a147393 020 $a978-88-16-30451-2 040 $aSeMil$bita 100 1 $aColombo, Giovanni,$c.$0(OLS)http://semarc/name/1549 245 10$aLetteratura e cristianesimo nel primo novecento /$cGiovanni Colombo ; a cura di Inos Biffi. 260 $aMilano :$bJaca Book,$c2008. 300 $a191 p. ;$c24 cm. 490 0 $aGià e non ancora [Jaca Book] ;$v451 500 $aDono del Card. Dionigi Tettamanzi. 650 4$aLetteratura e Cristianesimo - Sec. 20.$0(OLS)http://semarc/subject/1764 700 1 $aBiffi, Inos,$c.$0(OLS)http://semarc/name/282 830 0$aGià e non ancora ;$v451.$0(OLS)http://semarc/title/5902 850 $aSeMil 852 $aSeMil$W1$xSeveso$y2$m2F V 1 °$j120889$B120889$CSeMilBibl$Z2$F132231 $81 941 1 $a5 961 $aOmaggio: Tettamanzi Card. Dionigi 996 $6020$a978-88-16-30451-2$9(OLS)http://semarc/number/156926 996 $6245$aLetteratura e cristianesimo nel primo novecento$9(OLS)http://semarc/title/243101 996 $6260$aMilano :$bJaca Book$9(OLS)http://semarc/publisher/29781